| 000 | 01158cam a22003617a 4500 | ||
|---|---|---|---|
| 999 |
_c791 _d791 |
||
| 001 | 14528579 | ||
| 003 | OSt | ||
| 005 | 20210621053838.0 | ||
| 008 | 060831s2007 njua 001 0 eng d | ||
| 010 | _a 2006279680 | ||
| 020 | _a0131878867 (pbk.) | ||
| 035 | _a(OCoLC)ocm68908540 | ||
| 040 |
_aUAB _beng _cUAB _dDLC |
||
| 042 | _alccopycat | ||
| 050 | 0 | 0 |
_aQA76.5 _b.E9195 2007 |
| 082 | 0 | 0 |
_a004.16 _222 |
| 100 | 1 |
_aEvans, Alan _q(Alan D.) |
|
| 245 | 1 | 0 |
_aTechnology in action / _cAlan Evans, Kendall Martin, Mary Anne Poatsy. |
| 246 | 1 |
_iAt head of title: _aGo! |
|
| 250 | _a3rd ed., complete. | ||
| 260 |
_aUpper Saddle River, NJ : _bPearson/Prentice Hall, _cc2007. |
||
| 300 |
_axxxi, 649 p. : _bcol. ill. ; _c28 cm. |
||
| 500 | _aIncludes index. | ||
| 650 | 0 | _aMicrocomputers. | |
| 650 | 0 | _aComputer science. | |
| 650 | 0 | _aComputer networks. | |
| 650 | 0 | _aInformation technology. | |
| 700 | 1 |
_aMartin, Kendall _q(Kendall E.) |
|
| 700 | 1 | _aPoatsy, Mary Anne. | |
| 906 |
_a7 _bcbc _ccopycat _d2 _encip _f20 _gy-gencatlg |
||
| 942 |
_2lcc _cBK _nSO |
||